AFL Premiers - Statistics

General Stats
  • This quiz has been taken 26 times
    6 since last reset
  • The average score is 24 of 36
Answer Stats
Year Premier % Correct
2001 Brisbane Lions
100%
2002 Brisbane Lions
100%
2003 Brisbane Lions
100%
2005 Sydney Swans
100%
2012 Sydney Swans
100%
1997 Adelaide Crows
83%
1998 Adelaide Crows
83%
2017 Richmond Tigers
83%
2019 Richmond Tigers
83%
1995 Carlton Blues
67%
1990 Collingwood Magpies
67%
2010 Collingwood Magpies
67%
1993 Essendon Bombers
67%
2000 Essendon Bombers
67%
2007 Geelong Cats
67%
2009 Geelong Cats
67%
2011 Geelong Cats
67%
1991 Hawthorn Hawks
67%
2008 Hawthorn Hawks
67%
2013 Hawthorn Hawks
67%
2014 Hawthorn Hawks
67%
2015 Hawthorn Hawks
67%
1996 North Melbourne Kangaroos
67%
1999 North Melbourne Kangaroos
67%
1992 West Coast Eagles
67%
1994 West Coast Eagles
67%
2006 West Coast Eagles
67%
2018 West Coast Eagles
67%
2016 Western Bulldogs
67%
2004 Port Adelaide Power
50%
2024 Brisbane Lions
33%
2025 Brisbane Lions
33%
2023 Collingwood Magpies
33%
2022 Geelong Cats
33%
2021 Melbourne Demons
33%
2020 Richmond Tigers
33%
No matching quizzes found
Score Distribution
Percent of People with Each Score
Percentile by Number Answered
Your Score History
You have not taken this quiz since the last reset